Manual técnico del agua /

Guardado en:
Autor Corporativo: Degrémont.
Formato: Libro
Idioma:Spanish
French
Publicado: Bilbao : Degrémont, 1979.
Edición:4a. ed.
Materias:
Etiquetas: Agregar Etiqueta
Sin Etiquetas, Sea el primero en etiquetar este registro!
LEADER 00561nam a22001935a 4500
001 EUN.eunm000020
005 20050203090617.0
008 031211s1979####sp#a###f######000#0#spa#d
020 |a 8430016511 
041 1 |a spa  |h fre 
082 0 4 |a 628.02  |2 15 
110 2 |a Degrémont. 
245 1 0 |a Manual técnico del agua /  |c Degrémont. 
250 |a 4a. ed. 
260 |a Bilbao :  |b Degrémont,  |c 1979. 
300 |a 1216 p. :  |b il. ;  |c 21 cm. 
650 7 |a Agua.  |2 Unbis 
650 7 |a Tratamiento del agua.  |2 Unbis 
859 |a AR-BaUNS  |b BIB. CENTRAL - Sector A  |h 628.02   |i D365a4  |p 114143/003